| 000 | 00785nam a2200241Ia 4500 | ||
|---|---|---|---|
| 003 | OSt | ||
| 005 | 20250127112011.0 | ||
| 008 | 210716s2000 xx 000 0 und d | ||
| 020 | _a8176562416 | ||
| 040 | _cAIMIT LIBRARY | ||
| 041 | _aeng | ||
| 082 |
_a006.620288 _21 _b MANR |
||
| 100 |
_aMansfield, Richard. _9195587 |
||
| 245 |
_aComplete PC upgrade and maintenance lab manual / _cBy Richard Mansfield and Evangelos Petroutsos. |
||
| 250 | _a1st ed. | ||
| 260 |
_aNew Delhi : _bBPB Publications , _c2000. |
||
| 300 |
_aviii,279p. ; _bPB _c24.5 cm |
||
| 650 |
_aOpening the case _9195588 |
||
| 650 |
_aInstalling a video board _9195589 |
||
| 650 |
_aBuilding the ultimate computer _9195590 |
||
| 700 |
_aPetroutsos, Evangelos. _9195591 |
||
| 942 |
_2ddc _cBK _e1st _k006.620288 MANR |
||
| 999 |
_c184971 _d184971 |
||